| 000 | 00459nam a2200181Ia 4500 | ||
|---|---|---|---|
| 999 |
_c8729 _d8729 |
||
| 020 | _a9781506308357 | ||
| 082 | _a363.73874 GLO; | ||
| 245 | 0 | _aGlobal issues: selections from CQ researcher | |
| 260 |
_aLos Angeles _bSage Publications _c2016 |
||
| 300 | _axxi, 419p | ||
| 650 | _aGLOBALIZATION | ||
| 650 | _aCLIMATIC CHANGES | ||
| 650 | _aCHEMICAL WEAPONS | ||
| 650 | _aCYBER SECURITY | ||
| 650 | _aHUMAN RIGHTS | ||
| 700 | _aCalabi, Sarah | ||
| 942 | _cBK | ||